000 01011nam a22002891 4500
001 20365
003 BD-RjUL
005 20211209000545.0
008 140227s1955 enk b 000 0beng d
035 _a(BD-RjUL)20427
035 _a(OCoLC)172555
040 _aRochester. Univ. Libr.
_cODaWU
_dOCoLC
_dUk
_dDLC
_dBD-RjUL
_beng
041 _aeng
082 _a928.2
_bBOI 1955
100 1 _aBottrall, Margaret.
_957570
245 1 0 _aIzaak Walton /
_cMargaret Bottrall
260 _aLondon ;
_aNew York :
_bPublished for the British Council by Longmans, Green,
_c1955.
300 _a40 p. ;
_c22 cm.
490 1 _aBibliographical series of supplements to British book news on writers and their work,
_vno. 68
504 _aBibliography: p. 37-39.
600 1 0 _aWalton, Izaak,
_d1593-1683.
_9560
830 0 _vno. 68.
_962792
830 0 _aBibliographical series of supplements to British book news on writers and their work ;
_962793
942 _2ddc
_cBK
999 _c20365
_d20365